| 000 | 01319nam a2200277 a 4500 | ||
|---|---|---|---|
| 001 | 76223 | ||
| 003 | BD-RjUL | ||
| 005 | 20211209082818.0 | ||
| 008 | 160417s2001 bg ||||| b||| 00| 0 ben d | ||
| 020 | _a9844102073 (V-1) | ||
| 020 | _a9844102987 (V-2) | ||
| 020 | _a9844103061 (V-3) | ||
| 035 | _a(BD-RjUL)76444 | ||
| 040 |
_aBD-RjUL _bben _cBD-RjUL |
||
| 041 | _aben | ||
| 082 |
_223 _a331.763095492 _bISB |
||
| 100 |
_aইসলাম, কাবেদুল _9122494 |
||
| 245 |
_aবাংলাদেশের ভূমিরাজস্ব ব্যবস্থা / _cকাবেদুল ইসলাম |
||
| 260 |
_aঢাকা : _bমাওলা ব্রাদাস, _c২০১১-২০১২ |
||
| 300 |
_a২ খন্ড ; _c২১ সেমি. |
||
| 504 | _aগ্রন্থপঞ্জি | ||
| 505 | 0 | _aপ্রথম খন্ড -(প্রাচীন যুগ থেকে ১৭৬৩ খ্রিস্টাব্দ পযর্ন্ত). দ্বিতীয় খন্ড-(১৭৬৫ থেকে ১৯৪৭ খ্রিস্টাব্দ). তৃতীয় খন্ড-(১৯৪৭ থেকে ২০০০) | |
| 650 |
_aLand reform _z Bangladesh _9122495 |
||
| 650 |
_aজমি সংশোধন _zবাংলাদেশ _9122496 |
||
| 942 |
_2ddc _cBK |
||
| 999 |
_c76223 _d76223 |
||